[Event "DEN-ch G5-2A"]
[Site "Skorping"]
[Date "2017.04.17"]
[Round "5"]
[White "Olsen, Karsten Kierkegaard"]
[Black "Nielsen, Henrik Wendelbo"]
[Result "0-1"]
[WhiteElo "1689"]
[BlackElo "1842"]
[PlyCount "94"]
[EventDate "2017.04.13"]
[EventType "swiss"]
[EventRounds "5"]
[EventCountry "DEN"]
[SourceTitle "EXT 2018"]
[Source "ChessBase"]
[SourceDate "2017.10.13"]
[SourceVersion "1"]
[SourceVersionDate "2017.10.13"]
[SourceQuality "1"]

1. e4 c6 2. Nf3 d5 3. exd5 cxd5 4. d4 Nf6 5. Bd3 Nc6 6. h3 g6 7. 0-0 Bg7 8. c3 0-0 9. Bf4 Bd7 10. Re1 Re8 11. Nbd2 Rc8 12. Ne5 Qb6 13. Nb3 Nb8 14. Nxd7 Nbxd7 15. Re2 e6 16. Qd2 a5 17. Rae1 a4 18. Nc1 a3 19. Nb3 axb2 20. Qxb2 Qc6 21. Rc1 Nh5 22. Bd2 b6 23. Na1 Nhf6 24. Nc2 Qc7 25. Bb5 Ne4 26. Be1 Red8 27. Nb4 Nb8 28. Nd3 Nd6 29. a4 Nc4 30. Qa1 Nd7 31. Nb4 Na5 32. Nd3 Nb3 33. Qa3 Nxc1 34. Qxc1 Bxd4 35. cxd4 Qxc1 36. Nxc1 Rxc1 37. f3 Kg7 38. Kf2 Nf6 39. Rb2 Rdc8 40. Ba6 R8c2+ 41. Rxc2 Rxc2+ 42. Kf1 Nh5 43. Bd3 Ra2 44. Bb5 Nf4 45. Bg3 Nxg2 46. Be2 Ne3+ 47. Kf2 Nf5 0-1

[Event "Copenhagen Bronshoj op"]
[Site "Copenhagen"]
[Date "2017.02.16"]
[Round "7"]
[White "Nielsen, Henrik Wendelbo"]
[Black "Koch Mueller, Oscar"]
[Result "1-0"]
[WhiteElo "1830"]
[BlackElo "1644"]
[PlyCount "155"]
[EventDate "2017.02.10"]
[EventType "swiss"]
[EventRounds "7"]
[EventCountry "DEN"]
[SourceTitle "CBM 176 Extra"]
[Source "ChessBase"]
[SourceDate "2017.03.02"]
[SourceVersion "1"]
[SourceVersionDate "2017.03.02"]
[SourceQuality "1"]

1. d4 d5 2. c4 Nf6 3. cxd5 Nxd5 4. Nc3 Nc6 5. e4 Nxc3 6. bxc3 e6 7. Nf3 Be7 8. Be2 0-0 9. 0-0 b6 10. Bb2 Bb7 11. Qc2 Rc8 12. Rad1 Nb8 13. c4 c6 14. Rd2 Qc7 15. e5 Rfd8 16. Rfd1 Rd7 17. Bd3 g6 18. Be4 Rcd8 19. Qb3 Na6 20. a3 Qc8 21. h4 Nc7 22. h5 gxh5 23. Qe3 Kg7 24. Ng5 h6 25. Nxf7 Kxf7 26. Qxh6 Rg8 27. Qxh5+ Kf8 28. Rd3 Qe8 29. Rf3+ Bf6 30. Rxf6+ Ke7 31. Bg6 Rxg6 32. Rxg6 Kd8 33. Qg5+ Qe7 34. Rg8+ Ne8 35. Qxe7+ Kxe7 36. Kf1 Ba6 37. Rc1 c5 38. Rg4 Kd8 39. Ke1 Rh7 40. dxc5 bxc5 41. Rd1+ Kc7 42. Rf4 Re7 43. Kd2 Bb7 44. g3 Bc6 45. Kc3 Ba4 46. Rd2 Rh7 47. Rh4 Rf7 48. f4 Rg7 49. Rd3 Rf7 50. Kd2 Bc6 51. Ke3 Ng7 52. g4 a6 53. Rh7 Nf5+ 54. gxf5 Rxh7 55. fxe6 Rh3+ 56. Kd2 Rh2+ 57. Ke3 Rh3+ 58. Kd2 Rh2+ 59. Kc3 Ba4 60. Rd6 Rc2+ 61. Kd3 Rxb2 62. Rxa6 Bc6 63. Ra7+ Kd8 64. f5 Rb7 65. Rxb7 Bxb7 66. f6 Bc8 67. e7+ Ke8 68. a4 Bb7 69. a5 Kf7 70. Kc3 Bc8 71. Kd3 Bb7 72. Ke3 Ba6 73. e6+ Ke8 74. Kf4 Bxc4 75. Ke5 Bd5 76. Kd6 Bxe6 77. Kxe6 c4 78. f7# 1-0

[Event "Copenhagen Bronshoj op"]
[Site "Copenhagen"]
[Date "2017.02.14"]
[Round "5"]
[White "Nielsen, Henrik Wendelbo"]
[Black "Vinter, Christoffer"]
[Result "1-0"]
[WhiteElo "1830"]
[BlackElo "1589"]
[PlyCount "105"]
[EventDate "2017.02.10"]
[EventType "swiss"]
[EventRounds "7"]
[EventCountry "DEN"]
[SourceTitle "CBM 176 Extra"]
[Source "ChessBase"]
[SourceDate "2017.03.02"]
[SourceVersion "1"]
[SourceVersionDate "2017.03.02"]
[SourceQuality "1"]

1. d4 g6 2. c4 Nf6 3. Nc3 Bg7 4. e4 d6 5. Nf3 0-0 6. Be2 Nc6 7. d5 Ne5 8. Nxe5 dxe5 9. 0-0 e6 10. Be3 exd5 11. cxd5 a6 12. Rc1 b5 13. a3 Bb7 14. Qc2 c6 15. dxc6 Bxc6 16. Rfd1 Qe8 17. Bc5 Rc8 18. Bf3 Bh6 19. Bxf8 Bxc1 20. Qxc1 Qxf8 21. Qg5 Kg7 22. h4 Qe7 23. h5 h6 24. Qg3 g5 25. Nd5 Bxd5 26. exd5 Rd8 27. Qh3 Qd7 28. Qxd7 Rxd7 29. d6 Ne8 30. Bb7 Rxd6 31. Rxd6 Nxd6 32. Bxa6 Kf6 33. b3 Ke6 34. a4 bxa4 35. bxa4 Kd5 36. Kf1 Kc6 37. Ke2 Kc5 38. Bd3 Ne8 39. a5 Nc7 40. g4 Kd4 41. f3 f6 42. a6 e4 43. fxe4 Nxa6 44. Bxa6 Kxe4 45. Bc8 Ke5 46. Ke3 f5 47. Bxf5 Kf6 48. Kd4 Kg7 49. Ke5 Kf7 50. Be6+ Kg7 51. Kf5 Kh8 52. Kf6 Kh7 53. Bf5+ 1-0

[Event "Copenhagen Bronshoj op"]
[Site "Copenhagen"]
[Date "2017.02.13"]
[Round "4"]
[White "Stage Steffensen, Sander"]
[Black "Nielsen, Henrik Wendelbo"]
[Result "1-0"]
[WhiteElo "1916"]
[BlackElo "1830"]
[PlyCount "45"]
[EventDate "2017.02.10"]
[EventType "swiss"]
[EventRounds "7"]
[EventCountry "DEN"]
[SourceTitle "CBM 176 Extra"]
[Source "ChessBase"]
[SourceDate "2017.03.02"]
[SourceVersion "1"]
[SourceVersionDate "2017.03.02"]
[SourceQuality "1"]

1. e4 c6 2. Nf3 d5 3. Nc3 dxe4 4. Nxe4 Nf6 5. Ng3 Qc7 6. Bc4 Nbd7 7. d4 Nb6 8. Bb3 Nbd5 9. 0-0 Bg4 10. h3 Bxf3 11. Qxf3 e6 12. c4 Nb4 13. a3 Na6 14. c5 0-0-0 15. Bf4 Qd7 16. Bc4 Nc7 17. Be5 Be7 18. b4 h5 19. a4 h4 20. Ne2 Ncd5 21. b5 g5 22. bxc6 Qe8 23. cxb7+ 1-0

[Event "Copenhagen Bronshoj op"]
[Site "Copenhagen"]
[Date "2017.02.12"]
[Round "3"]
[White "Nielsen, Henrik Wendelbo"]
[Black "Tandrup, Michael"]
[Result "0-1"]
[WhiteElo "1830"]
[BlackElo "1930"]
[PlyCount "122"]
[EventDate "2017.02.10"]
[EventType "swiss"]
[EventRounds "7"]
[EventCountry "DEN"]
[SourceTitle "CBM 176 Extra"]
[Source "ChessBase"]
[SourceDate "2017.03.02"]
[SourceVersion "1"]
[SourceVersionDate "2017.03.02"]
[SourceQuality "1"]

1. d4 Nf6 2. c4 c5 3. Nf3 e6 4. Nc3 d5 5. cxd5 exd5 6. g3 Nc6 7. Bg2 c4 8. 0-0 Be7 9. Ne5 0-0 10. Nxc6 bxc6 11. e4 h6 12. e5 Ne8 13. f4 Bf5 14. g4 Bd3 15. Rf3 f6 16. e6 Nc7 17. f5 Nb5 18. Rxd3 cxd3 19. Nxb5 cxb5 20. Qxd3 Qb6 21. Be3 Rfd8 22. Qb3 Qd6 23. a3 Rac8 24. Rf1 Rc4 25. Qxb5 Rb8 26. Qxd5 Rc2 27. Qxd6 Bxd6 28. b4 Re2 29. Bc1 Rc8 30. Bd5 Kf8 31. Bb3 Ke7 32. h4 Rc3 33. Bd1 Rg3+ 34. Kh1 Rh3+ 35. Kg1 Ra2 36. Bf4 Bxf4 37. Rxf4 Rxh4 38. d5 Rd2 39. Bf3 Rh3 40. Bg2 Rxa3 41. Rc4 Ra1+ 42. Kh2 Raa2 43. Rc7+ Kd8 44. Rd7+ Kc8 45. d6 Rxg2+ 46. Kh3 Rgc2 47. Kh4 Rh2+ 48. Kg3 Rag2+ 49. Kf3 Rc2 50. Kg3 Rcg2+ 51. Kf3 Rf2+ 52. Kg3 Rc2 53. Rxg7 Rhg2+ 54. Kf3 Rgf2+ 55. Kg3 h5 56. e7 Kd7 57. Rg8 Rg2+ 58. Kf3 hxg4+ 59. Ke3 Rge2+ 60. Kd3 Rcd2+ 61. Kc3 Rxd6 0-1

[Event "DEN-ch G5-2"]
[Site "Svendborg"]
[Date "2016.03.24"]
[Round "1"]
[White "Jepsen, Thomas Tange"]
[Black "Nielsen, Henrik Wendelbo"]
[Result "1-0"]
[WhiteElo "2094"]
[BlackElo "1802"]
[PlyCount "85"]
[EventDate "2016.03.24"]
[EventType "swiss"]
[EventRounds "5"]
[EventCountry "DEN"]
[SourceTitle "EXT 2018"]
[Source "ChessBase"]
[SourceDate "2017.10.13"]
[SourceVersion "1"]
[SourceVersionDate "2017.10.13"]
[SourceQuality "1"]

1. d4 Nf6 2. c4 g6 3. Nc3 Bg7 4. e4 d6 5. f3 0-0 6. Be3 e5 7. d5 c5 8. Bd3 Na6 9. Nge2 Nc7 10. Qd2 Bd7 11. g4 h5 12. h3 Kh7 13. Bg5 Qe8 14. Ng3 b5 15. 0-0-0 bxc4 16. Bxc4 Nb5 17. Bxb5 Bxb5 18. Bxf6 Bxf6 19. gxh5 Bg7 20. Qg2 Bd7 21. h4 f5 22. hxg6+ Qxg6 23. Rdg1 Bh6+ 24. Kb1 Rg8 25. Qf2 Qf7 26. Nxf5 Bxf5 27. exf5 Qxf5+ 28. Qc2 Rgf8 29. Ne4 Rab8 30. b3 c4 31. Nxd6 Qxc2+ 32. Kxc2 cxb3+ 33. axb3 Rxf3 34. Ra1 Rf2+ 35. Kd3 Rxb3+ 36. Kc4 Rbb2 37. Rxa7+ Kg6 38. h5+ Kg5 39. Ne4+ Kf4 40. Nxf2 Rxf2 41. Rf7+ Ke3 42. Rxf2 Kxf2 43. d6 1-0